000 01893nam a22003617a 4500
003 DO-SdBNP
005 20250320105109.0
007 ta
008 210419e2020 dr aod|gr||||o00| 0 spa d
020 _a9789945923513
040 _aDO-SdBNP
_bspa
_cBNPHU
082 4 _bR426g
110 1 _aRepública Dominicana :
_bMinisterio de Medio Ambiente y Recursos Naturales
_eDirección de Viodiversidad.
_966969
245 1 0 _aGuía metodológica para la restauración de ecosistemas degradados y paisajes en la República Dominicana. /
_cAdolfo José Lopez Belando; Fotografías: José Manuel Matos,...[et. al.]
260 _aSanto Domingo :
_bMinisterio de Medio Ambiente y Recursos Naturales,
_c2020
300 _a84 p. :
_bil., fotografías, diagramas ;
_c22 cm
504 _aBibiografíasp .62-67
505 1 _aPresentación--
_tI- Introducción--
_tII - Marco conceptual de la restauración ecológica --
_tIII - Marco internacional de la restauración ecológica --
_tIV - Marco nacional de la restauración ecológica --
_tV - Modelo de restauración ecológica del Ministerio de Medio Ambiente en la República Dominicana --
_tVI - Referencias Bibliográficas --
_tVII - Anexos.
590 _aInventariado, 2021/ MF
650 7 _979518
_aConservación del medio ambiente
_xGuía
_zRepública Dominicana
_2LEMB
650 4 _979519
_aProtección del medio ambiente
_xGuía
_zRepública Dominicana
650 4 _911808
_aEcosistema
_xGuía
_zRepública Dominicana
650 4 _930020
_aGestion Ambiental
_xGuía
700 1 _974644
_aLópez Belando, Adolfo José
700 1 _aMatos, José Manuel
_efotogr.
_983115
700 1 _aPeña, Juana
_efotogr.
_983116
700 1 _aMarcelino, Elvis
_efotogr.
_983121
700 1 _aFranco, Fátima
_efotogr.
_983122
710 2 _aFondo para el Desarrollo Verde (SICA)
_975000
710 2 _aUnión Europea
_950712
910 _aMfeliz
942 _2ddc
_cLBS1
999 _c49754
_d49754